|
|
|
|
| LEADER |
00000nam a22000007a 4500 |
| 005 |
20210614220934.0 |
| 007 |
cr|||| |||| |
| 008 |
210614s2021 pe |||||s|||| 00||0 spa d |
| 020 |
|
|
|a 978-612-4460-29-6
|
| 035 |
|
|
|a 33293
|
| 040 |
|
|
|a vLex
|
| 090 |
|
|
|c 11771
|d 11771
|
| 100 |
1 |
|
|a Ro̕s Patio, Gino
|
| 245 |
1 |
0 |
|a Criminologa̕ Infanto Juvenil
|h [Recurso electrn̤ico] :
|b Anl̀isis de los menores y prevencin̤ de la criminalidad juvenil /
|c Gino Ro̕s Patio, Wael Hikal, Gloriam Zaid Mercado-Justiniano, Alejandra Andreu Fernǹdez, Enrique Alejandro Zį︢ga Vz̀quez, Jorge Humberto Martn̕ez Trejo, Vern̤ica C. Castellanos Len̤, Osvaldo Tieghi, Luis Eduardo Torrez Pinto, Hugo Alberto Zambrano Přez, Jos ̌Luis Alba Robles, Concepcin̤ Aroca Montolio, Mara̕ Jess︢ Lp̤ez Latorre, Rolando Barraza Přez, Marillanos Reolid Rodenas, Antonio de Jess︢ Barragǹ Br̤quez, Jos ̌Luis De La Cuesta
|
| 256 |
|
|
|a Servicio en ln̕ea
|
| 300 |
|
|
|a 1 recurso electrn̤ico
|
| 506 |
1 |
|
|a Disponible solo en los productos indicados
|d vLex Global
|d vLex Global (Academic Edition, excluding Law Schools)
|d vLex Global (U.S. Academic Edition, Law Schools)
|d vLex Global (U.S. Academic Edition, excluding Law Schools)
|d vLex Global (Academic Edition, Law Schools)
|
| 650 |
0 |
4 |
|a Derecho Penal
|z Per︢
|
| 700 |
1 |
|
|a Hikal, Wael
|
| 700 |
1 |
|
|a Mercado-Justiniano, Gloriam Zaid
|
| 700 |
1 |
|
|a Andreu Fernǹdez, Alejandra
|
| 700 |
1 |
|
|a Zį︢ga Vz̀quez, Enrique Alejandro
|
| 700 |
1 |
|
|a Martn̕ez Trejo, Jorge Humberto
|
| 700 |
1 |
|
|a Castellanos Len̤, Vern̤ica C.
|
| 700 |
1 |
|
|a Tieghi, Osvaldo
|
| 700 |
1 |
|
|a Torrez Pinto, Luis Eduardo
|
| 700 |
1 |
|
|a Zambrano Přez, Hugo Alberto
|
| 700 |
1 |
|
|a Alba Robles, Jos ̌Luis
|
| 700 |
1 |
|
|a Aroca Montolio, Concepcin̤
|
| 700 |
1 |
|
|a Lp̤ez Latorre, Mara̕ Jess︢
|
| 700 |
1 |
|
|a Barraza Přez, Rolando
|
| 700 |
1 |
|
|a Reolid Rodenas, Marillanos
|
| 700 |
1 |
|
|a Barragǹ Br̤quez, Antonio de Jess︢
|
| 700 |
1 |
|
|a De La Cuesta, Jos ̌Luis
|
| 740 |
0 |
|
|a vLex Libros (Servicio en ln̕ea)
|
| 856 |
4 |
0 |
|u https://vlex.com/source/criminologia-infanto-juvenil-analisis-de-los-menores-y-prevencion-de-la-criminalidad-juvenil-33293
|z Acceso restringido
|
| 942 |
|
|
|c BOOK
|
| 999 |
0 |
|
|a Criminal law
|